Normal view
MARC view
- Candidate Coronary Artery Disease
Entry Uniform Title
001 - CONTROL NUMBER
- control field: 3281
003 - CONTROL NUMBER IDENTIFIER
- control field: NUST
005 - DATE AND TIME OF LATEST TRANSACTION
- control field: 20170713135717.0
008 - FIXED-LENGTH DATA ELEMENTS
- fixed length control field: 170713|| aca||aabn | a|a d
040 ## - CATALOGING SOURCE
- Original cataloging agency: NUST
- Transcribing agency: NUST
130 ## - HEADING--UNIFORM TITLE
- Uniform title: Candidate Coronary Artery Disease
670 ## - SOURCE DATA FOUND
- Source citation: Work cat.: (NUST): Asma Naseer Cheema 3280, Th-PhD-Screening of candidate coronary artery disease genes in Pakistan population , 2017
